Sonography : (Record no. 119385)

MARC details
000 -LEADER
fixed length control field 00909cam a2200277Ia 4500
008 - FIXED-LENGTH DATA ELEMENTS--GENERAL INFORMATION
fixed length control field
020 ## - INTERNATIONAL STANDARD BOOK NUMBER
International Standard Book Number 9780323322843 (hbk.)
049 ## - LOCAL HOLDINGS (OCLC)
Holding library MAIN
090 ## - LOCALLY ASSIGNED LC-TYPE CALL NUMBER (OCLC); LOCAL CALL NUMBER (RLIN)
Classification number (OCLC) (R) ; Classification number, CALL (RLIN) (NR) RC78.7.U4
Local cutter number (OCLC) ; Book number/undivided call number, CALL (RLIN) CUR
003 - CONTROL NUMBER IDENTIFIER
control field
005 - DATE AND TIME OF LATEST TRANSACTION
control field 20230120204226.0
040 ## - CATALOGING SOURCE
Transcribing agency NUST
100 1# - MAIN ENTRY--PERSONAL NAME
Personal name Curry, Reva A.
245 10 - TITLE STATEMENT
Title Sonography :
Remainder of title introduction to normal structure and function /
Statement of responsibility, etc. Reva Arnez Curry, Betty Bates Tempkin
246 30 - VARYING FORM OF TITLE
Title proper/short title Introduction to normal structure and function
250 ## - EDITION STATEMENT
Edition statement 2nd ed.
260 ## - PUBLICATION, DISTRIBUTION, ETC.
Place of publication, distribution, etc. St. Louis :
Name of publisher, distributor, etc. Saunders,
Date of publication, distribution, etc. c2004
300 ## - PHYSICAL DESCRIPTION
Extent xvi, 560 p., [12] p. of plates :
Other physical details ill. (some col.) ;
Dimensions 28 cm
504 ## - BIBLIOGRAPHY, ETC. NOTE
Bibliography, etc. note Includes bibliographical references.
500 ## - GENERAL NOTE
General note Includes index.
650 #0 - SUBJECT ADDED ENTRY--TOPICAL TERM
Topical term or geographic name entry element Diagnostic ultrasonic imaging
650 #0 - SUBJECT ADDED ENTRY--TOPICAL TERM
Topical term or geographic name entry element Diagnostic imaging
700 1# - ADDED ENTRY--PERSONAL NAME
Personal name Tempkin, Betty Bates
907 ## - LOCAL DATA ELEMENT G, LDG (RLIN)
a .b10379824
b 20-11-17
c 10-03-17
942 ## - ADDED ENTRY ELEMENTS (KOHA)
Koha item type Ordinary Loan Books
Call number prefix RC78.7.U4
Call number suffix CUR
Holdings
Date last seen Total Checkouts Full call number Barcode Cost, replacement price Price effective from Koha item type Lost status Source of classification or shelving scheme Damaged status Not for loan Collection Withdrawn status Home library Current library Shelving location Date acquired Cost, normal purchase price
01/20/2023   RC78.7.U4 CUR 92004043838 80.00 01/20/2023 BOOKS   LCC     NFIC   Medical Medical GEN 01/20/2023 80.00